000 00924nam a22002297a 4500
005 20240530110527.0
008 160308s2013 ua g b 000 0 ara d
017 _a16322
_bمصر . دار الكتب المصرية
020 _a9789773582830
040 _aEG-CaGPL
082 0 4 _221
_a658.4052\
_bج ك
100 1 _aجايتس ، ستيف
245 1 0 _aكتاب التفاوض :
_bدليل الاكيد الى التفاوض الناجح \
_cتاليف ستيف جايتس ؛ ترجمة عبدالحكيم احمد الخزامى
250 _aط1
260 _aالقاهرة :
_bدار الفجر للنشر و التوزيع ،
_c2013 .
300 _a338 ص ؛
_c24 سم .
650 0 4 _aالمفاوضات الادارية
650 0 4 _aالمفاوضات الناجحة
700 0 _aعبدالحكيم احمد الخزامى
_eمترجم
942 _2ddc
_cBK
999 _c62025
_d62025